Normal view
MARC view
- صعوبات التعلم - عسر الكتابة.
Entry Topical Term
001 - CONTROL NUMBER
- control field: 65076
003 - CONTROL NUMBER IDENTIFIER
- control field: JO-AjAnu
005 - DATE AND TIME OF LATEST TRANSACTION
- control field: 20240323122920.0
008 - FIXED-LENGTH DATA ELEMENTS
- fixed length control field: 240323|| aca||babn | a|a d
040 ## - CATALOGING SOURCE
- Original cataloging agency: JO-AjAnu
150 ## - HEADING--TOPICAL TERM
- Topical term or geographic name entry element: صعوبات التعلم - عسر الكتابة.